000 00644nam a2200205Ii 4500
003 JO-AjNU
008 230605s9999||||xx |||||||||||||| ||und||
040 _aJO-AjNU
_bara
_erda
_cJO-AjNU
041 _aara
050 1 4 _aTX911.3.M27.T395 2013
100 3 _a توفيق، ماهر عبد العزيز,
_eauthor
_951229
245 0 0 _aإدارة المطاعم
250 _a ط1
264 3 1 _aعمان: دار زهران للنشر والتوزيع، 2013
300 _a234ص
336 _atext
_btxt
_2rdacontent
337 _aunmediated
_bn
_2rdamedia
338 _avolume
_bnc
_2rdacarrier
650 4 _aالمطاعم - ادارة
_951230
999 _aA22615
_c26183
_d26183